| 000 | 00831nmm a2200265 a 4500 | ||
|---|---|---|---|
| 001 | ocm000955296 | ||
| 003 | TR-IsHL | ||
| 005 | 20201028150342.0 | ||
| 008 | 150110s2013 tu tur | ||
| 007 | cr cn | ||
| 035 |
_a955296 _b(N$T) |
||
| 050 | 0 | 4 |
_aPL248.G65 _bD59 2013 |
| 090 | 0 | 4 |
_aPL248.G65 _bD59 2013 |
| 100 | 1 | _aGökhan, Halil | |
| 245 | 1 | 0 |
_aDiyalogos _h[electronic resource] / _cHalil Gökhan ; Sadık Yemni |
| 260 |
_aİstanbul : _bKafekültür Yayıncılık, _c2013 |
||
| 300 | _a17 p. | ||
| 650 | 4 | _aDil ve Edebiyat | |
| 650 | 4 | _aLanguage and Literature | |
| 650 | 0 | _aSöyleşiler | |
| 650 | 0 | _aInterviews | |
| 650 | 7 |
_aLITERARY COLLECTIONS / Middle Eastern _2bisacsh |
|
| 700 | 1 | _aYemni, Sadık | |
| 856 | 4 | 0 | _uhttp://search.ebscohost.com/login.aspx?direct=true&scope=site&db=e011xww&AN=955296 |
| 999 |
_c10426 _d10426 |
||